<?xml version="1.0" encoding="UTF-8"?>
<collection xmlns="http://www.loc.gov/MARC21/slim">
 <record>
  <leader>     na                 </leader>
  <controlfield tag="001">INLIS000000000002980</controlfield>
  <controlfield tag="005">20260409073411</controlfield>
  <controlfield tag="035">$a 0010-0426000071</controlfield>
  <controlfield tag="245">$a Keajaiban Menara Pisa /$c Tim CBM</controlfield>
  <controlfield tag="100">$a Tim CBM</controlfield>
  <controlfield tag="300">$a 56 hlm : $b ilus ; $c 17.5 x 25 cm</controlfield>
  <controlfield tag="260">$a Bandung :$b PT Karya Kita,$c 2007</controlfield>
  <controlfield tag="082">$a 932</controlfield>
  <controlfield tag="084">$a 932 TIM k</controlfield>
  <controlfield tag="020">$a 978-979-9282-63-7</controlfield>
  <controlfield tag="008">260409                           0      </controlfield>
  <controlfield tag="990">$a 2499/2012</controlfield>
  <controlfield tag="990">$a 2496/2012</controlfield>
  <controlfield tag="990">$a 2497/2012</controlfield>
  <controlfield tag="990">$a 2498/2012</controlfield>
  <controlfield tag="990">$a 2500/2012</controlfield>
 </record>
</collection>
